<?xml version="1.0" encoding="UTF-8"?><?xml-stylesheet type="text/xsl" href="static/style.xsl"?><OAI-PMH xmlns="http://www.openarchives.org/OAI/2.0/" xmlns:xsi="http://www.w3.org/2001/XMLSchema-instance" xsi:schemaLocation="http://www.openarchives.org/OAI/2.0/ http://www.openarchives.org/OAI/2.0/OAI-PMH.xsd"><responseDate>2026-04-17T04:26:11Z</responseDate><request verb="GetRecord" identifier="oai:www.recercat.cat:20.500.14342/3690" metadataPrefix="marc">https://recercat.cat/oai/request</request><GetRecord><record><header><identifier>oai:recercat.cat:20.500.14342/3690</identifier><datestamp>2026-03-14T08:39:32Z</datestamp><setSpec>com_2072_482405</setSpec><setSpec>com_2072_183628</setSpec><setSpec>col_2072_482411</setSpec></header><metadata><record xmlns="http://www.loc.gov/MARC21/slim" xmlns:dcterms="http://purl.org/dc/terms/" xmlns:xsi="http://www.w3.org/2001/XMLSchema-instance" xmlns:doc="http://www.lyncode.com/xoai" xsi:schemaLocation="http://www.loc.gov/MARC21/slim http://www.loc.gov/standards/marcxml/schema/MARC21slim.xsd">
   <leader>00925njm 22002777a 4500</leader>
   <datafield ind2=" " ind1=" " tag="042">
      <subfield code="a">dc</subfield>
   </datafield>
   <datafield ind2=" " ind1=" " tag="720">
      <subfield code="a">Múries-Cantán, Olga</subfield>
      <subfield code="e">author</subfield>
   </datafield>
   <datafield ind2=" " ind1=" " tag="720">
      <subfield code="a">Schippers, Alice</subfield>
      <subfield code="e">author</subfield>
   </datafield>
   <datafield ind2=" " ind1=" " tag="720">
      <subfield code="a">Giné Giné, Climent, 1948-</subfield>
      <subfield code="e">author</subfield>
   </datafield>
   <datafield ind2=" " ind1=" " tag="720">
      <subfield code="a">Blom-Yoo, H.</subfield>
      <subfield code="e">author</subfield>
   </datafield>
   <datafield ind2=" " ind1=" " tag="260">
      <subfield code="c">2022-02-10</subfield>
   </datafield>
   <datafield ind2=" " ind1=" " tag="520">
      <subfield code="a">Background: Within Family Quality of Life (FQoL) research, perceptions of siblings of people with intellectual and developmental disabilities (IDD) in the setting of a family are limited studied. The aim of this systematic review is to find relevant information about quality of life perceptions of siblings of people with IDD. Two main questions guided this review: (1) what are the siblings’ perceptions on quality of life in the context of their family? (2) what needs and challenges do siblings have regarding their quality of life as siblings of individuals with IDD?&#xd;
&#xd;
Methods: A systematic search was conducted using Scopus, PsycInfo, ERIC and Web of Science databases, involving keywords and combinations such as Intellectual and Developmental Disabilities, Family Quality of Life and siblings.&#xd;
&#xd;
Results: We identified a total of 48 articles. Analysis showed siblings’ diverse perceptions of quality of life and their multiple experiences, needs, desires and concerns.&#xd;
&#xd;
Conclusions: Results contribute to knowledge about the quality of life and well-being of siblings of all ages. Suggestions for support, interventions and future research are given, such as the necessity of educating local communities regarding siblings’ needs, the study of siblings’ experiences in different cultural contexts or the importance of conducting research with clear theoretical frameworks and focused on the multiple components that might be influencing siblings’ quality of life.</subfield>
   </datafield>
   <datafield ind1="8" ind2=" " tag="024">
      <subfield code="a">http://hdl.handle.net/20.500.14342/3690</subfield>
   </datafield>
   <datafield ind1="8" ind2=" " tag="024">
      <subfield code="a">https://doi.org/10.1080/20473869.2022.2036919</subfield>
   </datafield>
   <datafield tag="653" ind2=" " ind1=" ">
      <subfield code="a">Germans i germanes</subfield>
   </datafield>
   <datafield tag="653" ind2=" " ind1=" ">
      <subfield code="a">Trastorns del desenvolupament</subfield>
   </datafield>
   <datafield tag="653" ind2=" " ind1=" ">
      <subfield code="a">Discapacitats mentals</subfield>
   </datafield>
   <datafield tag="653" ind2=" " ind1=" ">
      <subfield code="a">Qualitat de vida</subfield>
   </datafield>
   <datafield tag="653" ind2=" " ind1=" ">
      <subfield code="a">Família</subfield>
   </datafield>
   <datafield ind2="0" ind1="0" tag="245">
      <subfield code="a">Siblings of people with intellectual and developmental disabilities: a systematic review on their quality of life perceptions in the context of a family</subfield>
   </datafield>
</record></metadata></record></GetRecord></OAI-PMH>